HOW TO IMPROVE YOUR TV RECEPTION (Record no. 585036)

000 -LEADER
fixed length control field 00258nam a22001097a 4500
082 ## - DEWEY DECIMAL CLASSIFICATION NUMBER
Classification number 621.388 VAS'H
100 ## - MAIN ENTRY--PERSONAL NAME
Personal name VASTENHOUND, J
9 (RLIN) 80065
245 ## - TITLE STATEMENT
Title HOW TO IMPROVE YOUR TV RECEPTION
260 ## - PUBLICATION, DISTRIBUTION, ETC.
Place of publication, distribution, etc. DENMARK
Name of publisher, distributor, etc. LUND JOHANSEN
Date of publication, distribution, etc. 1956
300 ## - PHYSICAL DESCRIPTION
Extent 71P
942 ## - ADDED ENTRY ELEMENTS (KOHA)
Koha item type Book
Holdings
Withdrawn status Lost status Damaged status Not for loan Permanent Location Current Location Shelving location Date acquired Total Checkouts Full call number Barcode Date last seen Price effective from Koha item type
        College of Electrical & Mechanical Engineering (CEME) College of Electrical & Mechanical Engineering (CEME) General Stacks 07/06/2017   621.388 VAS'H CEME-5601 06/28/2021 06/28/2021 Book
© 2023 Central Library, National University of Sciences and Technology. All Rights Reserved.